[Event "Provincial-ch Valencia Primera"]
[Site "Valencia"]
[Date "2014.10.04"]
[Round "2.7"]
[White "Soriano Lorente, Francisco"]
[Black "Benitez Lopez, Julio"]
[Result "0-1"]
[WhiteElo "1597"]
[BlackElo "1800"]
[PlyCount "96"]
[EventDate "2014.09.27"]
[EventType "swiss"]
[EventRounds "7"]
[EventCountry "ESP"]
[SourceTitle "EXT 2024"]
[Source "ChessBase"]
[SourceDate "2023.10.10"]
[SourceVersion "1"]
[SourceVersionDate "2023.10.10"]
[SourceQuality "1"]

1. c4 Nf6 2. Nc3 g6 3. g3 Bg7 4. Bg2 0-0 5. Nf3 d6 6. 0-0 e5 7. d3 a5 8. Bg5 h6 9. Be3 Ng4 10. h3 Nxe3 11. fxe3 c6 12. e4 Nd7 13. Kh2 Nc5 14. Na4 Ne6 15. e3 h5 16. d4 b5 17. cxb5 cxb5 18. Nc3 b4 19. Nd5 Nc7 20. Nxc7 Qxc7 21. Rc1 Qb6 22. Rf2 Bb7 23. Qd3 Rae8 24. d5 Rc8 25. Rfc2 Bh6 26. Rxc8 Rxc8 27. Re1 a4 28. Bf1 b3 29. axb3 Qxb3 30. Qxb3 axb3 31. Kg1 Rc1 32. Rxc1 Bxe3+ 33. Kg2 Bxc1 34. Bc4 Bxb2 35. Bxb3 Ba6 36. Bc2 Ba3 37. g4 hxg4 38. hxg4 Kg7 39. Kg3 Bc1 40. Ng1 Kf6 41. Kf3 Kg5 42. Nh3+ Kh4 43. Nf2 Ba3 44. Bb1 Bc5 45. Nh1 Bc8 46. Nf2 Bxf2 47. Kxf2 Kxg4 48. Kg2 f5 0-1